Spotřeba a investice. Případová studie zemí V4.

Teória permanentnej spotreby vrátane formulácie ekonometrického modelu. Opis princípu mobility kapitálu v súvislosti s úsporami a z toho vychádzajúci model. Skúmanie dlhodobej dynamiky. Aplikácia modelu pre ekonomiky V4 vrátane rozboru výsledkov.

Gespeichert in:
Bibliographische Detailangaben
1. Verfasser: Pánková, Václava
Format: Buchkapitel
Sprache:Tschechisch
Schlagworte:
Tags: Tag hinzufügen
Keine Tags, Fügen Sie das erste Tag hinzu!

MARC

LEADER 00000naa a2200000 4500
001 0280821
005 20240417075149.7
041 0 |a cze 
044 |a CZ 
245 1 0 |a Spotřeba a investice. Případová studie zemí V4.  |c Václava Pánková 
520 |a Teória permanentnej spotreby vrátane formulácie ekonometrického modelu. Opis princípu mobility kapitálu v súvislosti s úsporami a z toho vychádzajúci model. Skúmanie dlhodobej dynamiky. Aplikácia modelu pre ekonomiky V4 vrátane rozboru výsledkov. 
610 2 0 |a spotreba domácností 
610 2 0 |a modely ekonometrické 
610 2 0 |a investície 
610 2 0 |a pohyb kapitálu 
610 2 0 |a Vyšehradská štvorka 
100 1 |a Pánková, Václava